Games an Cover erkennen - Statistiken

Allgemein
  • Dieses Quiz wurde 1.309 mal gespielt
  • Das Durchschnittsergebnis liegt bei 23 aus 51
Antwortstatistiken
Bildquiz Antwort % Korrekt
AMONG US
97%
MINECRAFT
86%
FALL GUYS
78%
Wii SPORTS
77%
ELDER SCROLLS V SKYRIM
71%
FORTNITE
71%
MARIO KART 8 DELUXE
71%
SIMS 4
71%
VALORANT
68%
ANIMAL CROSSING NEW HORIZONS
67%
PUBG
66%
THE WITCHER 3 WILD HUNT
63%
ELDEN RING
61%
FIFA 17
61%
HOGWARTS LEGACY
60%
LANDWIRTSCHAFTS-SIMULATOR 22
59%
RED DEAD REDEMPTION 2
58%
OVERWATCH
57%
RAINBOW 6 SIEGE
56%
THE LAST OF US
56%
CYBERPUNK 2077
54%
STARDEW VALLEY
52%
FAR CRY 3
51%
LEGEND Of ZELDA BREATH OF THE WILD
51%
BORDERLANDS 2
49%
LEAGUE OF LEGENDS
47%
CALL OF DUTY BLACK OPS II
46%
ASSASIANS CREED BLACK FLAG
45%
FALLOUT 4
44%
RESIDENT EVIL 4
38%
CS:GO
35%
HALO
35%
THE FOREST
35%
ARK SURVIVAL EVOLVED
33%
APEX LEGENDS
31%
BATTLEFIELD 4
31%
UNCHARTED 4 A THIEFS END
30%
TERRARIA
29%
BATTLEFIELD 1
28%
FORZA HORIZON 4
28%
CALL OF DUTY MODERN WARFARE 3
27%
MORTAL KOMBAT 11
27%
RUST
24%
LITTLE BIG PLANET 3
21%
AGE OF EMPIRES 2
19%
NEED FOR SPEED RIVALS
16%
ASSSASIANS CREED UNITY
11%
DARK SOULS
11%
DIABLO III
7%
DOTA 2
7%
GOD OF WAR (2018)
6%
Keine übereinstimmenden Quizze gefunden
Verteilung der Resultate
Anzahl Personen mit jedem Resultat
Perzentil nach korrekt beantworteten Fragen
Ihre Resultats-Entwicklung
Sie haben dieses Quiz noch nicht gespielt